00311nam a2200121Ia 4500008004100000041000800041082001700049100002700066245002600093250000800119260005400127300000800181231228s2004 xx 000 0 und d aeng a658.575bKUC aKUCZMARSKI (Thomas D.) aManaging New Products a3rd aNew DelhibCrest Publishing House New Delhic2004 a274